Indian medicinal plants / (Record no. 85877)
[ view plain ]
| 000 -LEADER | |
|---|---|
| fixed length control field | 00901nam a2200265 a 4500 |
| 001 - CONTROL NUMBER | |
| control field | 85877 |
| 003 - CONTROL NUMBER IDENTIFIER | |
| rucl marc code | BD-RjUL |
| 005 - DATE AND TIME OF LATEST TRANSACTION | |
| control field | 20251021094307.0 |
| 008 - FIXED-LENGTH DATA ELEMENTS--GENERAL INFORMATION | |
| fixed length control field | 251020r1975 ii a b 001 0 eng |
| 035 ## - SYSTEM CONTROL NUMBER | |
| System control number | (BD-RjUL)85877 |
| 040 ## - CATALOGING SOURCE | |
| Original cataloging agency | DLC |
| Transcribing agency | DLC |
| Modifying agency | DLC |
| -- | BD-RjUL |
| Language of cataloging | eng |
| 041 ## - LANGUAGE CODE | |
| Language code of text/sound track or separate title | eng |
| 082 00 - DEWEY DECIMAL CLASSIFICATION NUMBER | |
| Classification number | 581.6340954 |
| Author mark and year | IND 1975 |
| 245 10 - TITLE STATEMENT | |
| Title | Indian medicinal plants / |
| Statement of responsibility, etc. | edited B. D. Basu. |
| 260 ## - PUBLICATION, DISTRIBUTION, ETC. (IMPRINT) | |
| Place of publication, distribution, etc. | Dehra Dun : |
| Name of publisher, distributor, etc. | Bishen Singh Mahendra Pal Singh, |
| Date of publication, distribution, etc. | 1975 |
| 300 ## - PHYSICAL DESCRIPTION | |
| Pagination | 4 volumes : |
| Illustrations | 1033 plates ; |
| Size | 29 cm. |
| 500 ## - GENERAL NOTE | |
| General note | Includes index. |
| 505 0# - FORMATTED CONTENTS NOTE | |
| Formatted contents note | Plates,<br/>Part I from 1-267.<br/>Part II from 268-514.<br/>Part III from 515-779.<br/>Part iv from 780-1033.<br/> |
| 650 #0 - SUBJECT ADDED ENTRY--TOPICAL TERM | |
| Topical term or geographic name as entry element | Medicinal plants |
| Geographic subdivision | India. |
| 9 (RLIN) | 115017 |
| Topical term or geographic name as entry element | Materia medica, Vegetable |
| Geographic subdivision | India. |
| 9 (RLIN) | 115347 |
| 700 1# - ADDED ENTRY--PERSONAL NAME | |
| Personal name | Basu, Baman Das, |
| Dates associated with a name | 1867-1930, |
| Relator term | joint author. |
| 942 ## - ADDED ENTRY ELEMENTS (KOHA) | |
| Source of classification or shelving scheme | Dewey Decimal Classification |
| Koha item type | Books |
| Lost status | Source of classification or shelving scheme | Damaged status | Not for loan | Permanent Location | Current Location | Shelving location | Date acquired | Source of acquisition | Total Checkouts | Full call number | Date last seen | Copy number | Koha item type |
|---|---|---|---|---|---|---|---|---|---|---|---|---|---|
| Dewey Decimal Classification | Not For Loan | Central Library, University of Rajshahi | Central Library, University of Rajshahi | Rare Book Section | 02/02/1979 | Media Int. Calculta | RA 581.6340954 IND V-1 1975 | 21/10/2025 | C-1 | Books | |||
| Dewey Decimal Classification | Not For Loan | Central Library, University of Rajshahi | Central Library, University of Rajshahi | Rare Book Section | 14/02/1979 | RA 581.6340954 IND V-4 1975 | 21/10/2025 | C-1 | Books | ||||
| Dewey Decimal Classification | Not For Loan | Central Library, University of Rajshahi | Central Library, University of Rajshahi | Rare Book Section | 14/02/1979 | RA 581.6340954 IND V-3 1975 | 21/10/2025 | C-1 | Books | ||||
| Dewey Decimal Classification | Not For Loan | Central Library, University of Rajshahi | Central Library, University of Rajshahi | Rare Book Section | 14/02/1979 | RA 581.6340954 IND V-2 1975 | 21/10/2025 | C-1 | Books |